000 00251nam a22001097a 4500
082 _a671.03 NEW'T
100 _aTECHNICAL TRADES
_960498
245 _aAUDELS NEW MECHANICAL DICTIONARY
260 _aNEWYORK
_bTHEO
_c1962
300 _a740P
942 _cBK
999 _c570204
_d570204